رسائل من القرآن / (رقم التسجيلة. 146909)

تفاصيل مارك
000 -الفاتح
عناصر البيانات ثابتة الطول 00647cam a2200205 i 4500
005 - تاريخ ووقت آخر معاملة
حقل ضبط 20251204121928.0
008 - عناصر البيانات ثابتة الطول
عناصر البيانات ثابتة الطول 250721s2021 ku gr 000 0 ara d
020 ## - الترقيم الدولي المعياري للكتب (ردمك)
الترقيم الدولي المعياري للكتب (ردمك) 9789921768015
082 14 - رقم تصنيف ديوي العشري
رقم التصنيف 218.5
رقم المادة ش ر ق
100 1# - مدخل رئيسي – اسم شخصي
الاسم الشخصي شرقاوي، أدهم.
علاقة الشخص بالعمل/ دوره مؤلف.
245 10 - بيان العنوان
العنوان رسائل من القرآن /
بيان المسؤولية أدهم شرقاوي.
264 31 - بيانات النشر، التوزيع…إلخ
مكان النشر، التوزيع...إلخ الكويت :
اسم الناشر، الموزع...إلخ دار كلمات للنشر و التوزيع،
تاريخ النشر، التوزيع...إلخ 2021.
300 ## - الوصف المادي
عدد الوحدات المكونة للوعاء 283 صفحة.
650 17 - مدخل إضافي بالموضوع - مصطلح موضوعي
مصطلح موضوعي أو اسم جغرافي كعنصر مدخل الاسلام.
650 17 - مدخل إضافي بالموضوع - مصطلح موضوعي
مصطلح موضوعي أو اسم جغرافي كعنصر مدخل الوعظ و الارشاد.
650 17 - مدخل إضافي بالموضوع - مصطلح موضوعي
مصطلح موضوعي أو اسم جغرافي كعنصر مدخل الرسائل.
650 17 - مدخل إضافي بالموضوع - مصطلح موضوعي
مصطلح موضوعي أو اسم جغرافي كعنصر مدخل الحكم.
942 ## - بيانات إضافية (كوها)
نوع التنصيف Dewey Decimal Classification
نوع المادة (كوها) كتب
المقتنيات
حالة السحب حالة الفقدان مصدر التصنيف حالة التلف غير قابل للإعارة المكتبة الرئيسية المكتبة الحالية موقع الرف تاريخ التزويد الرقم المتسلسل Total Checkouts رقم الإستدعاء الباركود تاريخ آخر ظهور تاريخ الفاتورة نوع المادة (كوها)
    Dewey Decimal Classification     المكتبة المركزية المكتبة المركزية الإعارة 28/07/2025 1790354   218.5 / ش ر ق PLD00513479 28/07/2025 28/07/2025 كتب
Implemented & Customized by: BBB with SCIT (Smart Chains for Information Technology)

Powered by Koha